000 00585nam a2200193 4500
001 124079
003 ES-MaACL
007 t|
008 070214s1974 sp r ||||1| spa d
100 1 _aRanval, Pierre.
_995436
245 1 0 _aJerarquía de salarios y lucha de clases /
_cPierre Ranval ; traducción de Alejandro Pérez.
260 _aBarcelona :
_bGrijalbo,
_c1974.
300 _a70 p. ;
_c19 cm.
490 1 _aHipótesis ;
_v9
700 1 _aPérez, Alejandro.
_990551
830 0 _aHipótesis ;
_v9
_9181652
852 _aES-MaACL
_jE-6673
_bR.91038
999 _c124079
_d124079